000 00724nam a2200277Ia 4500
001 17024
005 20240113235741.0
007 ta
008 051224s1952 a g b000 u 465 u
040 _aCotton College,Assam
041 _a465
082 _a570
_bH 219 B
100 _aHardin, Garrett .
245 0 _aBiology: Its Human Implications /
_cGarrett Hardin.
_hTextual Documents
250 _a2nd ed. /
260 _aCalifornia :
_bW.H. Freeman & Co. ,
_cC1952.
300 _axii,720p. :
_bill ;
_c22cm .
504 _aBib.,Index
653 _aBiology
653 _aBiology-Human
653 _aBiology-Human
653 _aG-Geology
942 _2ddc
_cBK
999 _c17006
_d17006